Music Quiz

Random Music or Bands Quiz
Score 0/20 Timer 07:00
2 Plays Today
% Correct
Beyoncé
92.5%
Adele
82.8%
Eminem
77.3%
The Beatles
77.2%
'N Sync
73.5%
Snoop Dogg ft. Pharrell
73.2%
Bee Gees
70.1%
Aerosmith
68.8%
David Bowie
67.7%
Carly Simon
66.2%
% Correct
Usher ft. Lil Jon, Ludacris
54.1%
Spice Girls
54%
Alice Cooper
50.1%
Robbie Williams
46.6%
Avril Lavigne
45.7%
Elvis Presley
45.3%
The Hollies
43.5%
Aretha Franklin
41.8%
Michael Jackson
36%
Wheatus
28.5%
Remove Ads.
Support Sporcle.
Get the best of Sporcle when you Go Orange. This ad-free experience offers more features, more stats, and more fun while also helping to support Sporcle. Thank you for becoming a member.

You're not logged in!

Compare scores with friends on all Sporcle quizzes.
OR
Log In

Show Comments

Extras

Top Quizzes Today


Score Distribution

Your Account Isn't Verified!

In order to create a playlist on Sporcle, you need to verify the email address you used during registration. Go to your Sporcle Settings to finish the process.

Report this User

Report this user for behavior that violates our Community Guidelines.

Details: